Microfinance system and the NGOs capacity building for development / (Record no. 4141)
[ view plain ]
| 000 -LEADER | |
|---|---|
| fixed length control field | 00680nam a22002297a 4500 |
| 001 - CONTROL NUMBER | |
| control field | BD-DhSAU 4141 |
| 003 - CONTROL NUMBER IDENTIFIER | |
| control field | BD-DhSAU |
| 005 - DATE AND TIME OF LATEST TRANSACTION | |
| control field | 20150301120417.0 |
| 008 - FIXED-LENGTH DATA ELEMENTS--GENERAL INFORMATION | |
| fixed length control field | 150211b2011 bg a||||r|||| 000 0 eng d |
| 020 ## - INTERNATIONAL STANDARD BOOK NUMBER | |
| International Standard Book Number | 9789844450486 |
| 040 ## - CATALOGING SOURCE | |
| Original cataloging agency | BD-DhSAU |
| 082 ## - DEWEY DECIMAL CLASSIFICATION NUMBER | |
| Edition number | 22 |
| Classification number | 332.095492 |
| Item number | B2392 |
| 100 ## - MAIN ENTRY--PERSONAL NAME | |
| Personal name | Bari, M A |
| 245 ## - TITLE STATEMENT | |
| Title | Microfinance system and the NGOs capacity building for development / |
| Statement of responsibility, etc. | M A Bari. |
| 260 ## - PUBLICATION, DISTRIBUTION, ETC. (IMPRINT) | |
| Place of publication, distribution, etc. | Dhaka : |
| Name of publisher, distributor, etc. | Palok Publishers, |
| Date of publication, distribution, etc. | c2011. |
| 300 ## - PHYSICAL DESCRIPTION | |
| Extent | xvi, 344 p. : |
| Other physical details | ill. ; |
| Dimensions | 22 cm. |
| 500 ## - GENERAL NOTE | |
| General note | New arrival 2014 |
| 590 ## - Name of Cataloguer | |
| Name of Cataloger | joy |
| 650 ## - SUBJECT ADDED ENTRY--TOPICAL TERM | |
| Topical term or geographic name as entry element | Microfinance. |
| Geographic subdivision | Bangladesh |
| 650 ## - SUBJECT ADDED ENTRY--TOPICAL TERM | |
| Topical term or geographic name as entry element | Microfinance. |
| 650 ## - SUBJECT ADDED ENTRY--TOPICAL TERM | |
| Topical term or geographic name as entry element | Non-governmental organizations. |
| Geographic subdivision | Bangladesh |
| 942 ## - ADDED ENTRY ELEMENTS (KOHA) | |
| Source of classification or shelving scheme | Dewey Decimal Classification |
| Koha item type | Book |
| Withdrawn status | Lost status | Source of classification or shelving scheme | Damaged status | Not for loan | Home library | Branch Name | Shelving location | Date acquired | Total Checkouts | Full call number | Barcode | Date last seen | Price effective from | Koha item type | Collection code | Cost, replacement price | Public note |
|---|---|---|---|---|---|---|---|---|---|---|---|---|---|---|---|---|---|
| Dewey Decimal Classification | SAU Library | SAU Library | General Stacks | 26/06/2014 | 332.095492 B2392 | 38415 | 11/02/2015 | 11/02/2015 | Book | ||||||||
| Dewey Decimal Classification | SAU Library | SAU Library | General Stacks | 26/06/2014 | 332.095492 B2392 | 38414 | 11/02/2015 | 11/02/2015 | Book | ||||||||
| Dewey Decimal Classification | Not For Loan | SAU Library | SAU Library | Reference | 26/06/2014 | 332.095492 B2392 | 38413 | 11/02/2015 | 11/02/2015 | Book | Reference | ||||||
| Dewey Decimal Classification | Not For Loan | SAU Library | SAU Library | Reference | 10/06/2021 | 332.095492 B2392 | 42475 | 12/09/2021 | 12/09/2021 | Book | Reference | 427.00 | Project 2021 | ||||
| Dewey Decimal Classification | SAU Library | SAU Library | General Stacks | 10/06/2021 | 332.095492 B2392 | 42477 | 12/09/2021 | 12/09/2021 | Book | Project 2021 | |||||||
| Dewey Decimal Classification | SAU Library | SAU Library | General Stacks | 10/06/2021 | 332.095492 B2392 | 42478 | 12/09/2021 | 12/09/2021 | Book | Project 2021 | |||||||
| Dewey Decimal Classification | SAU Library | SAU Library | General Stacks | 12/09/2021 | 332.095492 B2392 | 42476 | 12/09/2021 | 12/09/2021 | Book | Project 2021 |
